|
|
|
|
| LEADER |
01031nam a2200337 4500 |
| 001 |
DLU090068986 |
| 005 |
##20090418 |
| 040 |
# |
# |
|a DLU
|b eng
|
| 041 |
# |
# |
|a eng
|
| 044 |
# |
# |
|a UK
|
| 100 |
# |
# |
|a Hassan, Sally.
|
| 245 |
# |
# |
|a Considerations for extraction of monoclonal antibodies targeted to different subcellular compartments in transgenic tobacco plants /
|c Sally Hassan, et al.
|
| 653 |
# |
# |
|a Extraction
|
| 653 |
# |
# |
|a Leaves
|
| 653 |
# |
# |
|a Monoclonal antibodies
|
| 653 |
# |
# |
|a Tobacco
|
| 653 |
# |
# |
|a Transgenic
|
| 700 |
# |
# |
|a Dolleweerd, Craig J. Van.
|
| 700 |
# |
# |
|a Ioakeimidis, Fotis.
|
| 700 |
# |
# |
|a Keshavarz-Moore, Eli.
|
| 700 |
# |
# |
|a Ma, Julian K. -C.
|
| 773 |
# |
# |
|t Plant Biotechnology Journal
|g Vol. 6(7), September 2008, p. 733-748
|
| 920 |
# |
# |
|a Phòng Tạp chí -- Trung tâm Thông tin - Thư viện Trường Đại học Đà Lạt
|
| 994 |
# |
# |
|a DLU
|
| 900 |
# |
# |
|a True
|
| 911 |
# |
# |
|a Lê Thị Mạnh Xuân
|
| 925 |
# |
# |
|a G
|
| 926 |
# |
# |
|a A
|
| 927 |
# |
# |
|a BB
|
| 980 |
# |
# |
|a Thư viện Trường Đại học Đà Lạt
|